[Event "BRA-ch sf (Women)"]
[Site "Blumenau"]
[Date "2015.10.31"]
[Round "3.6"]
[White "Nicoladeli, Isadora Da Rocha"]
[Black "Librelato, Ana Julia Goulart"]
[Result "0-1"]
[WhiteElo "1338"]
[BlackElo "1622"]
[PlyCount "124"]
[EventDate "2015.10.30"]
[EventType "swiss"]
[EventRounds "7"]
[EventCountry "BRA"]
[SourceTitle "EXT 2022"]
[Source "ChessBase"]
[SourceDate "2021.10.06"]
[SourceVersion "1"]
[SourceVersionDate "2021.10.06"]
[SourceQuality "1"]

1. e4 g6 2. d4 Bg7 3. Nf3 d6 4. g3 a6 5. Bg2 Nf6 6. Nc3 0-0 7. 0-0 Nbd7 8. Re1 Rb8 9. Bg5 h6 10. Bxf6 Nxf6 11. Qd2 c5 12. d5 Nd7 13. Rad1 b5 14. a3 Nb6 15. b3 Qc7 16. h4 Bg4 17. Ne2 Rbc8 18. Qf4 h5 19. Nh2 Bd7 20. g4 Be5 21. Qg5 Bxh2+ 22. Kxh2 Bxg4 23. f4 Kh7 24. Bh3 Bxh3 25. Kxh3 Qd7+ 26. f5 Rg8 27. Kh2 f6 28. fxg6+ Rxg6 29. Qxh5+ Rh6 30. Qf7+ Kh8 31. Kg2 Qg4+ 32. Kf2 Qxh4+ 33. Ke3 Qg5+ 34. Nf4 Qg3+ 35. Kd2 Qxf4+ 36. Kc3 Qe5+ 37. Kd2 Qf4+ 38. Kc3 Qe5+ 39. Kd2 Rh2+ 40. Re2 Qd4+ 41. Kc1 Qe5 42. Rxh2+ Qxh2 43. Qxe7 Qf4+ 44. Kb1 Qf3 45. Rg1 Rg8 46. Rxg8+ Kxg8 47. Qe6+ Kg7 48. Qe7+ Kg6 49. Qe8+ Kg5 50. Qe6 Qd1+ 51. Kb2 Qd4+ 52. Ka2 Qe5 53. Qg8+ Kf4 54. Qg6 c4 55. b4 Na4 56. Qh6+ Kxe4 57. Qh1+ Kd4 58. Qd1+ Kc3 59. Qf3+ Kd2 60. Qf2+ Qe2 61. Qf4+ Kxc2 62. Qxf6 Nc3+ 0-1